[Event "Mallorca-ch B"]
[Site "Palma de Mallorca"]
[Date "2018.11.24"]
[Round "5.3"]
[White "Borrego Sanchez, Felix Manuel"]
[Black "Trillo Figueroa Vidal, Antonio"]
[Result "0-1"]
[WhiteElo "1916"]
[BlackElo "1698"]
[PlyCount "32"]
[EventDate "2018.11.10"]
[EventType "swiss"]
[EventRounds "6"]
[EventCountry "ESP"]
[SourceTitle "EXT 2024"]
[Source "ChessBase"]
[SourceDate "2023.10.10"]
[SourceVersion "1"]
[SourceVersionDate "2023.10.10"]
[SourceQuality "1"]

1. e4 e5 2. Nf3 Nc6 3. Bb5 Nf6 4. Nc3 d6 5. d4 exd4 6. Nxd4 Bd7 7. 0-0 Be7 8. Re1 0-0 9. Bf4 Re8 10. Nxc6 bxc6 11. Bc4 Bg4 12. f3 Bh5 13. e5 dxe5 14. Bxe5 Bd6 15. Bg3 Bxg3 16. hxg3 Rxe1+ 0-1

[Event "Mallorca-ch B"]
[Site "Palma de Mallorca"]
[Date "2018.11.18"]
[Round "4.1"]
[White "Martin Mascaro, Juan"]
[Black "Borrego Sanchez, Felix Manuel"]
[Result "1-0"]
[WhiteElo "1923"]
[BlackElo "1916"]
[PlyCount "66"]
[EventDate "2018.11.10"]
[EventType "swiss"]
[EventRounds "6"]
[EventCountry "ESP"]
[SourceTitle "EXT 2024"]
[Source "ChessBase"]
[SourceDate "2023.10.10"]
[SourceVersion "1"]
[SourceVersionDate "2023.10.10"]
[SourceQuality "1"]

1. d4 Nf6 2. Nf3 e6 3. Bg5 Be7 4. e3 b6 5. Bd3 Bb7 6. Nbd2 d6 7. Bxf6 Bxf6 8. h4 Nd7 9. c3 c5 10. dxc5 dxc5 11. Qc2 Qc7 12. 0-0-0 0-0-0 13. Ne4 h6 14. Qa4 Kb8 15. Ba6 Bd5 16. Rd2 c4 17. Rhd1 Be7 18. Bxc4 f5 19. Bxd5 fxe4 20. Bxe4 Nc5 21. Rxd8+ Rxd8 22. Rxd8+ Qxd8 23. Qc2 Nxe4 24. Qxe4 Bf6 25. Nd4 Qd5 26. Qxd5 exd5 27. h5 a6 28. Nc6+ Kc7 29. Nb4 Kd6 30. Nxa6 Ke5 31. Nb4 Kd6 32. Kd2 Kc5 33. Nd3+ Kd6 1-0

[Event "Mallorca-ch B"]
[Site "Palma de Mallorca"]
[Date "2018.11.11"]
[Round "2.2"]
[White "Pons Blanco, Cristobal"]
[Black "Borrego Sanchez, Felix Manuel"]
[Result "0-1"]
[WhiteElo "1874"]
[BlackElo "1916"]
[PlyCount "136"]
[EventDate "2018.11.10"]
[EventType "swiss"]
[EventRounds "6"]
[EventCountry "ESP"]
[SourceTitle "EXT 2024"]
[Source "ChessBase"]
[SourceDate "2023.10.10"]
[SourceVersion "1"]
[SourceVersionDate "2023.10.10"]
[SourceQuality "1"]

1. d4 Nf6 2. Nf3 e6 3. c4 b6 4. g3 Bb7 5. Bg2 Be7 6. 0-0 0-0 7. Nbd2 d6 8. Qc2 Nbd7 9. b3 Re8 10. Bb2 Bf8 11. Rad1 Qc8 12. Rfe1 c5 13. dxc5 Qxc5 14. Nb1 b5 15. Na3 bxc4 16. Nxc4 d5 17. Ba3 Qc7 18. Bxf8 Kxf8 19. Na3 Qxc2 20. Nxc2 Rec8 21. Na3 a6 22. Nd2 Ke7 23. e4 dxe4 24. Nxe4 Nxe4 25. Bxe4 Bxe4 26. Rxe4 Nf6 27. Ra4 Nd5 28. Rd2 Rc6 29. Re4 Rd8 30. Rc4 Rcd6 31. Nc2 h6 32. Re2 Kd7 33. Nd4 Nb6 34. Rb4 a5 35. Rb5 Rxd4 36. Rxb6 Rc8 37. f4 Rc7 38. Ra6 Rd5 39. Kf2 h5 40. h3 Kc8 41. Rb6 Rc3 42. b4 a4 43. Ra6 a3 44. Ra5 Rdd3 45. Rc5+ Rxc5 46. bxc5 Kc7 47. Re5 Rd2+ 48. Re2 Rb2 49. Kf3 Kc6 50. Re3 Rxa2 51. Rc3 g6 52. g4 hxg4+ 53. hxg4 Rh2 54. Ke4 a2 55. Ra3 Kxc5 56. Ke5 Kb4 57. Ra7 Kb3 58. Rb7+ Kc2 59. Ra7 Kb1 60. Kf6 Rc2 61. Rb7+ Rb2 62. Rxb2+ Kxb2 63. Kxf7 a1Q 64. Kxg6 Qa4 65. Kg5 Qe4 66. f5 exf5 67. gxf5 Qe8 68. Kf6 Qf8+ 0-1

[Event "Mallorca-chT Preferente"]
[Site "Mallorca"]
[Date "2016.03.19"]
[Round "9.2"]
[White "Vich Ramirez, Carles"]
[Black "Borrego Sanchez, Felix Manuel"]
[Result "1/2-1/2"]
[WhiteElo "2116"]
[BlackElo "1932"]
[PlyCount "62"]
[EventDate "2016.03.01"]
[EventType "team-tourn"]
[EventRounds "9"]
[EventCountry "ESP"]
[SourceTitle "EXT 2024"]
[Source "ChessBase"]
[SourceDate "2023.10.10"]
[SourceVersion "1"]
[SourceVersionDate "2023.10.10"]
[SourceQuality "1"]
[WhiteTeam "La Balanguera"]
[BlackTeam "Maria Salut"]
[WhiteTeamCountry "ESP"]
[BlackTeamCountry "ESP"]

1. e4 e6 2. d4 d5 3. exd5 exd5 4. Bd3 Bd6 5. c3 Ne7 6. Nf3 Bf5 7. 0-0 0-0 8. Bg5 Bxd3 9. Qxd3 f6 10. Bh4 Ng6 11. Bg3 c6 12. Bxd6 Qxd6 13. Nbd2 Nd7 14. Rfe1 Rfe8 15. Nf1 Ndf8 16. Ne3 Ne7 17. Re2 Qd7 18. Rae1 Neg6 19. g3 Re7 20. Nf5 Rxe2 21. Rxe2 Re8 22. Rxe8 Qxe8 23. Qe3 Qxe3 24. Nxe3 Ne7 25. Kf1 Kf7 26. Ke2 g6 27. Nd2 h5 28. Nb3 b6 29. Nc1 Nf5 30. Nd3 Nxe3 31. Kxe3 Ne6 1/2-1/2

[Event "Mallorca-chT Preferente"]
[Site "Mallorca"]
[Date "2016.03.17"]
[Round "8.2"]
[White "Borrego Sanchez, Felix Manuel"]
[Black "Barcelo Pujadas, Pedro Jose"]
[Result "0-1"]
[WhiteElo "1932"]
[BlackElo "2193"]
[PlyCount "100"]
[EventDate "2016.03.01"]
[EventType "team-tourn"]
[EventRounds "9"]
[EventCountry "ESP"]
[SourceTitle "EXT 2024"]
[Source "ChessBase"]
[SourceDate "2023.10.10"]
[SourceVersion "1"]
[SourceVersionDate "2023.10.10"]
[SourceQuality "1"]
[WhiteTeam "Maria Salut"]
[BlackTeam "Can Tiu Alaro Dragonera"]
[WhiteTeamCountry "ESP"]
[BlackTeamCountry "ESP"]

1. e4 e6 2. d4 d5 3. Nc3 Nf6 4. e5 Nfd7 5. f4 c5 6. Nf3 Nc6 7. Be3 a6 8. g3 b5 9. Ne2 Bb7 10. c3 b4 11. Bg2 Be7 12. 0-0 a5 13. Qd2 bxc3 14. bxc3 Nb6 15. dxc5 Nc4 16. Qc1 Nxe3 17. Qxe3 Ba6 18. Rfe1 0-0 19. Rab1 Rc8 20. Kh1 Qd7 21. Nd2 Nb8 22. Nd4 Bxc5 23. f5 Bxd4 24. cxd4 exf5 25. Nb3 Bc4 26. Nc5 Qc6 27. Rbc1 Qg6 28. a3 Nc6 29. Nb7 Rb8 30. Nc5 Rfc8 31. Rxc4 dxc4 32. d5 Nd8 33. e6 fxe6 34. dxe6 Nc6 35. e7 Re8 36. Qf4 Nxe7 37. Rxe7 Rxe7 38. Qxb8+ Qe8 39. Bd5+ Kh8 40. Qf4 Re1+ 41. Kg2 Qe2+ 42. Kh3 Qg4+ 43. Qxg4 fxg4+ 44. Kxg4 c3 45. Bb3 c2 46. Nd3 c1Q 47. Nxc1 Rxc1 48. a4 Rc3 49. Bd5 Ra3 50. Bc6 g6 0-1

[Event "Mallorca-chT Preferente"]
[Site "Mallorca"]
[Date "2016.03.15"]
[Round "7.3"]
[White "Borrego Sanchez, Felix Manuel"]
[Black "Vallespir Salor, Gabriel"]
[Result "1/2-1/2"]
[WhiteElo "1932"]
[BlackElo "2033"]
[PlyCount "77"]
[EventDate "2016.03.01"]
[EventType "team-tourn"]
[EventRounds "9"]
[EventCountry "ESP"]
[SourceTitle "EXT 2024"]
[Source "ChessBase"]
[SourceDate "2023.10.10"]
[SourceVersion "1"]
[SourceVersionDate "2023.10.10"]
[SourceQuality "1"]
[WhiteTeam "Maria Salut"]
[BlackTeam "Alcudia"]
[WhiteTeamCountry "ESP"]
[BlackTeamCountry "ESP"]

1. e4 c5 2. c3 Nf6 3. e5 Nd5 4. d4 cxd4 5. Nf3 d6 6. cxd4 Nc6 7. Be2 g6 8. exd6 Qxd6 9. Nc3 Nxc3 10. bxc3 Bg7 11. 0-0 0-0 12. Qb3 Qc7 13. a4 Be6 14. Qa3 Bd5 15. Be3 Rac8 16. Rac1 Rfd8 17. Nd2 f5 18. c4 Bf7 19. d5 f4 20. Bc5 b6 21. Bb4 Nxb4 22. Qxb4 Qe5 23. Bg4 Rc7 24. Rfe1 Qb2 25. Qxb2 Bxb2 26. Rc2 Bg7 27. Ra2 Bc3 28. Be2 e6 29. Rd1 exd5 30. Ne4 Bg7 31. Ng5 d4 32. Nxf7 Kxf7 33. Bd3 Rc5 34. Rb2 Ra5 35. Ra1 Re8 36. Kf1 Ree5 37. Rb5 Rh5 38. Rxa5 Rxa5 39. Ra2 1/2-1/2

[Event "Mallorca-chT Preferente"]
[Site "Mallorca"]
[Date "2016.03.06"]
[Round "3.3"]
[White "Borrego Sanchez, Felix Manuel"]
[Black "Alemany Jara, Alejandro"]
[Result "0-1"]
[WhiteElo "1932"]
[BlackElo "1981"]
[PlyCount "84"]
[EventDate "2016.03.01"]
[EventType "team-tourn"]
[EventRounds "9"]
[EventCountry "ESP"]
[SourceTitle "EXT 2024"]
[Source "ChessBase"]
[SourceDate "2023.10.10"]
[SourceVersion "1"]
[SourceVersionDate "2023.10.10"]
[SourceQuality "1"]
[WhiteTeam "Maria Salut"]
[BlackTeam "Algaida"]
[WhiteTeamCountry "ESP"]
[BlackTeamCountry "ESP"]

1. e4 d6 2. d4 Nf6 3. Nc3 g6 4. Bg5 Bg7 5. e5 Nfd7 6. f4 0-0 7. Bc4 Nb6 8. Bb3 Kh8 9. Nf3 c6 10. 0-0 Qc7 11. Qe2 d5 12. h3 f6 13. Bh4 f5 14. Ng5 h6 15. Nf3 e6 16. Be1 Qe7 17. Bh4 Qc7 18. Qf2 a6 19. Bg3 Qe7 20. Bh4 Qf7 21. Qg3 Kh7 22. Ne2 Rg8 23. Bg5 Qf8 24. Qh4 Rh8 25. Be7 Qe8 26. g4 Kg8 27. Ng3 g5 28. Qh5 Qxe7 29. gxf5 exf5 30. e6 Bxe6 31. Rae1 Qd7 32. Rxe6 Qxe6 33. Re1 Qf7 34. Re8+ Bf8 35. Ne5 Qxh5 36. Nxh5 N8d7 37. Rxa8 Nxe5 38. Ra7 Nf3+ 39. Kg2 Nxd4 40. Rxb7 Bc5 41. Rb8+ Kh7 42. Rb7+ Kg6 0-1

[Event "Mallorca-ch D1"]
[Site "Palma de Mallorca"]
[Date "2000.10.21"]
[Round "1"]
[White "Borrego Sanchez, Felix Manuel"]
[Black "Torres Mari, Juan"]
[Result "1-0"]
[WhiteElo "2011"]
[BlackElo "1928"]
[PlyCount "81"]
[EventDate "2000.??.??"]
[EventType "swiss"]
[EventRounds "8"]
[EventCountry "ESP"]
[SourceTitle "EXT 2003"]
[Source "ChessBase"]
[SourceDate "2002.11.25"]
[SourceVersion "1"]
[SourceVersionDate "2002.11.25"]
[SourceQuality "1"]

1. e4 c5 2. d4 cxd4 3. c3 d5 4. Qa4+ Bd7 5. Qxd4 dxe4 6. Qxe4 Nc6 7. Bd3 Nf6 8. Qe2 e6 9. Nf3 Be7 10. 0-0 Qc7 11. Nbd2 0-0 12. Nb3 Rad8 13. Bg5 h6 14. Bh4 Nd5 15. Bxe7 Ncxe7 16. g3 Nf5 17. Rad1 Rfe8 18. Rd2 Bc6 19. Ne5 Ba4 20. Rfd1 f6 21. Bxf5 fxe5 22. Bh3 Rc8 23. Re1 e4 24. Qxe4 Bc6 25. Qe5 Qb6 26. Nd4 Bd7 27. Rde2 Nc7 28. Qh5 Kh8 29. Bg2 Re7 30. Be4 Ne8 31. Qg6 Nf6 32. Bb1 Rc5 33. Qc2 a6 34. Nf3 a5 35. Ne5 Be8 36. Ng4 Kg8 37. Nxf6+ gxf6 38. a3 Rg5 39. Ba2 Bf7 40. Qb3 h5 41. Qxb6 1-0